[Event "Landsturneringen NM i sjakk 2013"]
[Site "Radisson Blu Lillehammer Hotel"]
[Date "2013.06.29"]
[Round "2"]
[White "Gandrud, Vegar Koi"]
[Black "Johnsen, Kjell Magne"]
[Result "1-0"]
[WhiteElo "2237"]
[BlackElo "2005"]
[PlyCount "127"]
[EventDate "2013.??.??"]

1. d4 Nf6 2. c4 e6 3. Nf3 Bb4+ 4. Nbd2 b6 5. g3 Bb7 6. Bg2 O-O 7. O-O Bxd2 8.
Qxd2 d6 9. b3 Nbd7 10. Bb2 Be4 11. Rac1 a5 12. a3 Qb8 13. Rfd1 Qb7 14. Ba1 c6
15. Qc3 Rfc8 16. Bh3 d5 17. Nd2 b5 18. Nxe4 Nxe4 19. Qe3 bxc4 20. bxc4 Nd6 21.
Rb1 Qa7 22. c5 Nc4 23. Qc3 Rcb8 24. e3 Rxb1 25. Rxb1 Rb8 26. Rb3 Nf6 27. f3 Rb7
28. Bf1 Qb8 29. Bxc4 dxc4 30. Rxb7 Qxb7 31. Qxc4 Qb1+ 32. Qf1 Qb3 33. Qc1 h5
34. Kf2 a4 35. e4 Nd7 36. Qc3 Qa2+ 37. Qb2 Qc4 38. Qc3 Qa2+ 39. Bb2 f6 40. Ke2
Kf7 41. Kd2 f5 42. d5 exd5 43. Qxg7+ Ke8 44. exf5 Nxc5 45. Qc3 Nb3+ 46. Ke1
Qb1+ 47. Kf2 Nc5 48. Kg2 Nd3 49. Qxc6+ Kf8 50. Qd6+ Ke8 51. Qb8+ Kd7 52. Qb7+
Ke8 53. Qb5+ Kf7 54. Qxd5+ Kf8 55. Qd6+ Ke8 56. Qe6+ Kf8 57. Qh6+ Ke8 58. Qxh5+
Kd7 59. Qf7+ Kc6 60. Qc4+ Kd6 61. Qa6+ Kc7 62. Qa5+ Kc8 63. Qa6+ Kc7 64. Qc4+
1-0

[Event "Landsturneringen NM i sjakk 2013"]
[Site "Radisson Blu Lillehammer Hotel"]
[Date "2013.06.29"]
[Round "2"]
[White "Merkesvik, Sondre"]
[Black "Bryn, Askild"]
[Result "1-0"]
[WhiteElo "1933"]
[BlackElo "2052"]
[PlyCount "59"]
[EventDate "2013.??.??"]

1. Nf3 d6 2. d4 Nd7 3. e4 e5 4. Bc4 Be7 5. dxe5 Nxe5 6. Nxe5 dxe5 7. Qh5 g6 8.
Qxe5 Nf6 9. Bh6 Rg8 10. Bg5 Qd6 11. Qxd6 cxd6 12. Nc3 Be6 13. Bb5+ Kd8 14.
O-O-O Kc7 15. f3 a6 16. Ba4 b5 17. Bb3 b4 18. Bxe6 fxe6 19. Ne2 h6 20. Bxh6 g5
21. h4 gxh4 22. Rxh4 Rxg2 23. Nf4 Rf2 24. Nxe6+ Kd7 25. Nc5+ Kc6 26. Nd3 Rxf3
27. e5 Nd5 28. Rc4+ Kb5 29. Rd4 Kc6 30. exd6
1-0

[Event "Landsturneringen NM i sjakk 2013"]
[Site "Radisson Blu Lillehammer Hotel"]
[Date "2013.06.29"]
[Round "2"]
[White "Woldseth, Ole"]
[Black "Aulin-Jansson, Jøran"]
[Result "0-1"]
[WhiteElo "1986"]
[BlackElo "2188"]
[PlyCount "102"]
[EventDate "2013.??.??"]

1. d4 Nf6 2. Bf4 d5 3. e3 Bf5 4. c4 e6 5. Nc3 Bd6 6. Bg3 c6 7. Nf3 O-O 8. Qb3
Bxg3 9. hxg3 Qb6 10. c5 Qc7 11. Ne5 Nbd7 12. f4 Nxe5 13. dxe5 Ne4 14. Nxe4 Bxe4
15. Qc3 b6 16. Rc1 Rfb8 17. b3 a5 18. Bd3 Bxd3 19. Qxd3 g6 20. a3 bxc5 21. Rxc5
Qb6 22. Rc3 c5 23. O-O a4 24. bxa4 Rxa4 25. Rd1 c4 26. Qc2 Ra5 27. a4 Qa7 28.
Ra3 Rb4 29. Rda1 Qb6 30. R1a2 Rb1+ 31. Kh2 Qb4 32. Qc3 Qxc3 33. Rxc3 Rb4 34.
Rca3 Kf8 35. Kg1 Ke7 36. Kf2 h5 37. Ke2 f6 38. Kd2 fxe5 39. fxe5 Kd7 40. Kc3
Rb8 41. Rf2 Kc6 42. Rf6 Kc5 43. Rxe6 Rba8 44. Rxg6 Rxa4 45. Rxa4 Rxa4 46. Rf6
Ra3+ 47. Kd2 Ra2+ 48. Kc3 Rxg2 49. Rf3 Re2 50. g4 hxg4 51. Rg3 Rxe3+ 0-1

[Event "Landsturneringen NM i sjakk 2013"]
[Site "Radisson Blu Lillehammer Hotel"]
[Date "2013.06.29"]
[Round "2"]
[White "Grønnestad, Anita"]
[Black "Laverton, Christian"]
[Result "0-1"]
[WhiteElo "1895"]
[BlackElo "2001"]
[PlyCount "80"]
[EventDate "2013.??.??"]

1. c4 c6 2. Nf3 d5 3. e3 Nf6 4. Nc3 a6 5. Qc2 g6 6. d4 Bg7 7. b3 Bf5 8. Bd3
Bxd3 9. Qxd3 O-O 10. O-O Nbd7 11. cxd5 cxd5 12. Ba3 Re8 13. Rac1 Qa5 14. Bb2 e6
15. a3 b5 16. Na2 Bf8 17. b4 Qd8 18. Ne5 Nb6 19. Qe2 Bd6 20. f3 Nfd7 21. Rc6
Nxe5 22. dxe5 Bf8 23. Rcc1 Nc4 24. f4 a5 25. bxa5 Qxa5 26. Nb4 Rec8 27. Bd4
Qxa3 28. Nc2 Qe7 29. Qg4 Bg7 30. Ne1 Nd2 31. Rxc8+ Rxc8 32. Rf2 Ne4 33. Rc2 Rc4
34. Qe2 Qc7 35. Rb2 b4 36. Nd3 Bf8 37. g4 Nc3 38. Qg2 Nb5 39. Qf2 Nxd4 40. exd4
Qa7 0-1

[Event "Landsturneringen NM i sjakk 2013"]
[Site "Radisson Blu Lillehammer Hotel"]
[Date "2013.06.29"]
[Round "2"]
[White "Johnsen, Øystein"]
[Black "Mihajlov, Svetoslav"]
[Result "0-1"]
[WhiteElo "2031"]
[BlackElo "2026"]
[PlyCount "90"]
[EventDate "2013.??.??"]

1. d4 Nf6 2. Nf3 d5 3. e3 Bf5 4. c4 c6 5. Nc3 e6 6. cxd5 exd5 7. Bd3 Bxd3 8.
Qxd3 Nbd7 9. O-O Be7 10. Bd2 O-O 11. Rfd1 Bd6 12. e4 dxe4 13. Nxe4 Nxe4 14.
Qxe4 Nf6 15. Qc2 h6 16. Ne5 Nd5 17. Nc4 Bc7 18. g3 Re8 19. Ne3 Qd7 20. Rac1
Rad8 21. Qf5 Bb6 22. Qxd7 Rxd7 23. Nxd5 Rxd5 24. Bc3 Red8 25. Re1 Bxd4 26. Bxd4
Rxd4 27. Re7 R4d7 28. Rce1 Kf8 29. R7e2 Rd1 30. Rxd1 Rxd1+ 31. Kg2 Rd7 32. h4
h5 33. a3 g6 34. Re3 Rd2 35. b4 Rd5 36. Kf3 a5 37. Rb3 a4 38. Rc3 Rd2 39. Ke3
Rb2 40. f3 Ke7 41. Kf4 Rb3 42. Rc5 Rxa3 43. g4 hxg4 44. fxg4 Rb3 45. Rc4 a3 0-1

[Event "Landsturneringen NM i sjakk 2013"]
[Site "Radisson Blu Lillehammer Hotel"]
[Date "2013.06.29"]
[Round "2"]
[White "Pedersen, Øyvind"]
[Black "Thingstad, Even"]
[Result "0-1"]
[WhiteElo "1960"]
[BlackElo "2277"]
[PlyCount "138"]
[EventDate "2013.??.??"]

1. e4 c6 2. c4 d5 3. cxd5 cxd5 4. exd5 Nf6 5. Bb5+ Nbd7 6. Nc3 a6 7. Qa4 Rb8 8.
Bxd7+ Qxd7 9. Qf4 Ra8 10. Nf3 Nxd5 11. Nxd5 Qxd5 12. O-O e6 13. Ne5 f6 14. Nc4
Bc5 15. Ne3 Qd4 16. Qc7 O-O 17. Nc2 Qd5 18. Ne3 Qd4 19. Nc2 Qd6 20. Qxd6 Bxd6
21. d4 b5 22. Re1 Kf7 23. Bd2 Bb7 24. Bb4 Rfd8 25. Bxd6 Rxd6 26. Re2 Rc8 27.
Rae1 Bd5 28. b3 a5 29. f3 Rdc6 30. Na3 b4 31. Nc4 Bxc4 32. bxc4 Rxc4 33. Rxe6
Rxd4 34. Re7+ Kg6 35. R1e2 a4 36. Ra7 a3 37. Kf2 Rdc4 38. Rb7 R8c7 39. Rb5 Rd7
40. Kg3 Rdc7 41. Kh3 Kf7 42. Rb6 Rd4 43. Kg3 Re7 44. Rc2 Red7 45. Re2 h6 46.
Kh3 Re7 47. Rc2 Re1 48. Rc7+ Re7 49. Rc2 Kg6 50. Rb5 Re1 51. Rc7 Re2 52. Rbb7
Rxa2 53. Rxg7+ Kf5 54. Rb5+ Ke6 55. Rb6+ Kd5 56. Rd7+ Kc5 57. Rxd4 Kxd4 58.
Rxb4+ Kc3 59. Rb6 Rd2 60. Rxf6 Rd4 61. Ra6 Kb3 62. Rxa3+ Kxa3 63. g4 Kb4 64.
Kh4 Rd5 65. f4 Kc5 66. g5 hxg5+ 67. fxg5 Kd6 68. Kh5 Ke7 69. h4 Rd4 0-1

[Event "Landsturneringen NM i sjakk 2013"]
[Site "Radisson Blu Lillehammer Hotel"]
[Date "2013.06.29"]
[Round "3"]
[White "Mihajlov, Sebastian"]
[Black "Forså, Espen"]
[Result "1-0"]
[WhiteElo "2120"]
[BlackElo "2287"]
[PlyCount "67"]
[EventDate "2013.??.??"]

1. d4 e6 2. c4 d5 3. Nf3 c6 4. g3 dxc4 5. Bg2 b5 6. O-O Bb7 7. Nc3 Nd7 8. e4
Ngf6 9. e5 Nd5 10. Ng5 Be7 11. Qh5 g6 12. Qh6 Bf8 13. Qh3 Be7 14. Qh6 Bf8 15.
Qh3 h6 16. Bxd5 cxd5 17. Nxe6 Qb6 18. Ng5 hxg5 19. Qxh8 O-O-O 20. Bxg5 Be7 21.
Qh4 Bxg5 22. Qxg5 Qxd4 23. Nxb5 Qxe5 24. Nxa7+ Kc7 25. Nb5+ Kc8 26. Qd2 d4 27.
Qa5 Rh8 28. h4 Qc5 29. b4 Qb6 30. Rac1 Qxa5 31. bxa5 Ne5 32. Nd6+ Kc7 33. Nxb7
Kxb7 34. f4
1-0

[Event "Landsturneringen NM i sjakk 2013"]
[Site "Radisson Blu Lillehammer Hotel"]
[Date "2013.06.29"]
[Round "3"]
[White "Ulvin, Dag"]
[Black "Sahl, Sheila Barth"]
[Result "0-1"]
[WhiteElo "2212"]
[BlackElo "2185"]
[PlyCount "102"]
[EventDate "2013.??.??"]

1. e4 c5 2. Nf3 d6 3. d4 cxd4 4. c3 dxc3 5. Nxc3 a6 6. Bc4 Nf6 7. O-O e6 8. Qe2
Be7 9. Rd1 Qc7 10. Bf4 e5 11. Bg5 Be6 12. Bb3 Nbd7 13. Rac1 Bxb3 14. axb3 Qb6
15. Rd3 O-O 16. Na4 Qa5 17. Nh4 g6 18. Bd2 Qd8 19. Bh6 Rc8 20. Rxc8 Qxc8 21.
Bxf8 Bxf8 22. g3 b5 23. Nc3 Nc5 24. Rf3 Qe6 25. b4 Nb3 26. Nd5 Nd4 27. Nxf6+
Qxf6 28. Rxf6 Nxe2+ 29. Kf1 Nd4 30. Nf3 Kg7 31. Nxd4 Kxf6 32. Nc2 Bh6 33. Ke2
Ke6 34. f3 f5 35. Kd3 d5 36. Ne1 Bf8 37. Nc2 Be7 38. h3 h5 39. Ke3 Bd8 40. Kd3
Bb6 41. Na1 Bf2 42. Nb3 Bxg3 43. Nc5+ Kd6 44. Nb7+ Kc7 45. Nc5 dxe4+ 46. fxe4
Kd6 47. Nb7+ Kc6 48. Nd8+ Kd7 49. Nf7 Ke7 50. Ng5 Kf6 51. Nf3 g5
0-1

[Event "Landsturneringen NM i sjakk 2013"]
[Site "Radisson Blu Lillehammer Hotel"]
[Date "2013.06.29"]
[Round "3"]
[White "Lillevold, Frode"]
[Black "Salomon, Johan"]
[Result "1/2-1/2"]
[WhiteElo "2067"]
[BlackElo "2230"]
[PlyCount "201"]
[EventDate "2013.??.??"]

1. d4 Nf6 2. c4 e6 3. Nc3 Bb4 4. Qc2 O-O 5. a3 Bxc3+ 6. Qxc3 b6 7. Bg5 Bb7 8.
f3 d5 9. e3 Nbd7 10. Bd3 h6 11. Bh4 c5 12. Ne2 cxd4 13. exd4 dxc4 14. Bxc4 Rc8
15. Qd3 Qc7 16. Rc1 b5 17. Bb3 Qa5+ 18. Kf2 b4 19. Qd2 Qf5 20. Ng3 Ng4+ 21. Ke2
Ba6+ 22. Kd1 Nf2+ 23. Qxf2 Qd3+ 24. Qd2 Rxc1+ 25. Kxc1 Qxb3 26. Qxb4 Qxb4 27.
axb4 g5 28. Bxg5 Rc8+ 29. Kd2 hxg5 30. Ra1 Bb5 31. Rxa7 Rc4 32. Ne4 Rxd4+ 33.
Kc3 Rc4+ 34. Kb3 Rc1 35. Nc3 Bc6 36. b5 Bd5+ 37. Nxd5 Nc5+ 38. Kb4 exd5 39. b6
Rc2 40. b3 Kg7 41. b7 Nxb7 42. Rxb7 Rxg2 43. Rd7 Rxh2 44. Rxd5 Kg6 45. Kc5 Rh3
46. Rd3 g4 47. Rd6+ f6 48. fxg4 Rxb3 49. Kd4 Kg5 50. Ke4 Ra3 51. Rb6 Ra4+ 52.
Kf3 Rf4+ 53. Kg3 Rxg4+ 54. Kf3 Rf4+ 55. Kg3 Ra4 56. Rb3 f5 57. Kf3 Rh4 58. Kf2
Rh2+ 59. Kf1 Kg4 60. Ra3 Rh8 61. Rb3 Re8 62. Kf2 Ra8 63. Kf1 Ra4 64. Kf2 Re4
65. Ra3 Kf4 66. Rb3 Re8 67. Ra3 Re4 68. Rb3 Ra4 69. Kf1 Ke4 70. Kf2 Ra2+ 71.
Kf1 Rd2 72. Ra3 Kf4 73. Rb3 Rh2 74. Ra3 Kg4 75. Kg1 Rh8 76. Kf2 f4 77. Kf1 Re8
78. Kf2 Rb8 79. Kf1 Rb5 80. Kf2 Rh5 81. Rb3 Rh2+ 82. Kg1 Re2 83. Kf1 Re8 84.
Ra3 Re4 85. Kf2 Rb4 86. Kf1 Rb2 87. Rc3 Rh2 88. Ra3 Rh8 89. Kf2 Rh2+ 90. Kf1
Rh5 91. Kf2 Rb5 92. Kf1 Rb4 93. Kf2 f3 94. Ra8 Rb2+ 95. Kf1 Rb5 96. Kf2 Rb2+
97. Kf1 Kg3 98. Rg8+ Kf4 99. Rf8+ Kg3 100. Rg8+ Kf4 101. Rf8+ 1/2-1/2

[Event "Landsturneringen NM i sjakk 2013"]
[Site "Radisson Blu Lillehammer Hotel"]
[Date "2013.06.29"]
[Round "3"]
[White "Stray, Gunnar"]
[Black "Gandrud, Vegar Koi"]
[Result "1/2-1/2"]
[WhiteElo "2032"]
[BlackElo "2237"]
[PlyCount "148"]
[EventDate "2013.??.??"]

1. Nf3 Nf6 2. g3 g6 3. Bg2 Bg7 4. d4 O-O 5. O-O d5 6. Nbd2 Re8 7. Ne5 Nbd7 8.
Ndf3 Nxe5 9. Nxe5 Nd7 10. Nxd7 Qxd7 11. c3 b6 12. Re1 Bb7 13. Bf4 c5 14. Qd2
cxd4 15. cxd4 Rac8 16. Rac1 Rc4 17. Be3 Rec8 18. b3 R4c6 19. Qb2 e6 20. Rxc6
Rxc6 21. Rc1 a5 22. Bd2 Rxc1+ 23. Bxc1 Qc6 24. Be3 Ba6 25. Bf3 Bf8 26. Qc1
Qxc1+ 27. Bxc1 Bb4 28. Bb2 Kf8 29. e3 Bd3 30. Bd1 Bd6 31. a4 Bb4 32. f4 f6 33.
Kf2 Kf7 34. Ba1 h6 35. Bb2 g5 36. fxg5 hxg5 37. g4 Bd6 38. h3 Bb4 39. Ba1 Ke7
40. Bb2 Kd6 41. Ba1 Ke7 42. Bb2 Kf7 43. Ba1 Bg6 44. Bb2 Be4 45. Ba1 f5 46. Bb2
Kf6 47. Ba1 Bd6 48. Bc3 Bd3 49. Bb2 f4 50. Bc1 fxe3+ 51. Bxe3 Bb4 52. Bc1 Bc3
53. Ke3 Bf1 54. Ba3 e5 55. dxe5+ Bxe5 56. Kf2 Bd3 57. Ke3 Bg6 58. Bf3 Ke6 59.
Bd1 d4+ 60. Kf2 Bf4 61. Bf8 Be3+ 62. Ke2 Kd5 63. Be7 Bb1 64. Kf3 Be4+ 65. Ke2
Bb1 66. Kf3 Bf4 67. h4 Be4+ 68. Kf2 gxh4 69. Bxh4 d3 70. Bd8 Kc5 71. Be7+ Kd4
72. Bf6+ Kc5 73. Be7+ Kd4 74. Bf6+ Kc5 1/2-1/2

[Event "Landsturneringen NM i sjakk 2013"]
[Site "Radisson Blu Lillehammer Hotel"]
[Date "2013.06.29"]
[Round "3"]
[White "Thanke, Bror"]
[Black "Vea, Odin Blikra"]
[Result "0-1"]
[WhiteElo "2106"]
[BlackElo "2184"]
[PlyCount "78"]
[EventDate "2013.??.??"]

1. e4 c5 2. Nf3 Nc6 3. d4 cxd4 4. Nxd4 Nf6 5. Nc3 e6 6. Ndb5 Bb4 7. a3 Bxc3+ 8.
Nxc3 d5 9. exd5 exd5 10. Bd3 d4 11. Ne2 Bg4 12. h3 Bh5 13. O-O O-O 14. Bf4 Nd5
15. Qd2 Bxe2 16. Bxe2 Qb6 17. Rab1 Nxf4 18. Qxf4 Rad8 19. Rfd1 Ne7 20. Bf3 Rfe8
21. Qd2 Ng6 22. Qb4 Qxb4 23. axb4 b6 24. Ra1 Re7 25. Rd2 Ne5 26. Be2 g5 27.
Rad1 Red7 28. Kf1 Kg7 29. g3 d3 30. cxd3 Nc6 31. Bf3 Nd4 32. Kg2 Rc7 33. b5 Re7
34. Bc6 a6 35. b4 axb5 36. Bf3 Rc8 37. Ra2 Rc3 38. Ra6 Rc2 39. Rxb6 Re5 0-1

[Event "Landsturneringen NM i sjakk 2013"]
[Site "Radisson Blu Lillehammer Hotel"]
[Date "2013.06.29"]
[Round "3"]
[White "Fossan, Petter"]
[Black "Sørgjerd, Jan"]
[Result "1-0"]
[WhiteElo "2168"]
[BlackElo "2019"]
[PlyCount "119"]
[EventDate "2013.??.??"]

1. e4 c5 2. c3 d5 3. exd5 Qxd5 4. d4 Nf6 5. Nf3 Bg4 6. Nbd2 Nc6 7. Bc4 Bxf3 8.
Qb3 Na5 9. Qb5+ Qd7 10. Nxf3 Nxc4 11. Qxc4 cxd4 12. Nxd4 e6 13. Bg5 Rc8 14. Qe2
Be7 15. Rd1 Qd5 16. Bxf6 gxf6 17. O-O a6 18. Nb3 Qc6 19. Qg4 Kf8 20. Nd4 Qd5
21. Nb3 Qc6 22. Rfe1 Rg8 23. Qe4 Qxe4 24. Rxe4 Rc7 25. g3 f5 26. Red4 Ke8 27.
Kg2 Rg4 28. Kf3 h5 29. h3 Rxd4 30. Rxd4 Bf6 31. Rd6 Be5 32. Rb6 Kd8 33. a4 Kc8
34. h4 Kb8 35. Rb4 Kc8 36. Nd2 Bd6 37. Rd4 Be5 38. Rc4 b5 39. axb5 axb5 40.
Rxc7+ Kxc7 41. Ke3 Kc6 42. Nf3 f6 43. Nd4+ Bxd4+ 44. Kxd4 e5+ 45. Ke3 Kc5 46.
b3 Kd5 47. f3 e4 48. g4 fxg4 49. fxg4 hxg4 50. h5 g3 51. h6 f5 52. h7 f4+ 53.
Ke2 f3+ 54. Kf1 g2+ 55. Kg1 e3 56. h8=Q e2 57. Qd4+ Kc6 58. Qe3 Kd6 59. Kf2 Kc7
60. Kxf3
1-0

[Event "Landsturneringen NM i sjakk 2013"]
[Site "Radisson Blu Lillehammer Hotel"]
[Date "2013.06.29"]
[Round "3"]
[White "Mihajlov, Svetoslav"]
[Black "Myhrvold, Rune"]
[Result "1-0"]
[WhiteElo "2026"]
[BlackElo "2198"]
[PlyCount "85"]
[EventDate "2013.??.??"]

1. e4 Nf6 2. e5 Nd5 3. d4 d6 4. Nf3 g6 5. Bc4 c6 6. a4 Bg7 7. h3 O-O 8. Qe2 h6
9. O-O Be6 10. c3 Nd7 11. Na3 dxe5 12. Nxe5 Nxe5 13. dxe5 Qd7 14. Nc2 Nb6 15.
Bxe6 Qxe6 16. f4 c5 17. a5 Nd7 18. Qb5 Rab8 19. Rd1 Rfd8 20. Be3 a6 21. Qd3 g5
22. fxg5 hxg5 23. Bxg5 Nxe5 24. Qg3 Qg6 25. Ne3 Nd3 26. Nc4 e5 27. Qh4 f6 28.
Be3 f5 29. Rxd3 Rxd3 30. Nxe5 Bxe5 31. Qc4+ Kh8 32. Qxd3 Qg3 33. Qe2 Qh2+ 34.
Kf1 Bf4 35. Bg1 Qg3 36. Qh5+ Kg7 37. Rd1 Bd6 38. Bf2 Qf4 39. g3 Qe5 40. Qg5+
Kf7 41. Qh6 Rd8 42. Qh7+ Kf6 43. Qh4+ 1-0

[Event "Landsturneringen NM i sjakk 2013"]
[Site "Radisson Blu Lillehammer Hotel"]
[Date "2013.06.29"]
[Round "3"]
[White "Hobber, Anders"]
[Black "Lindsøe, Fredrik Aunan"]
[Result "1-0"]
[WhiteElo "2287"]
[BlackElo "2008"]
[PlyCount "93"]
[EventDate "2013.??.??"]

1. d4 Nf6 2. Nf3 e6 3. c3 b6 4. Bg5 Bb7 5. Nbd2 d5 6. e3 Be7 7. Bd3 Nbd7 8. O-O
Ne4 9. Bxe7 Qxe7 10. Qe2 O-O 11. Ba6 Bxa6 12. Qxa6 Nxd2 13. Nxd2 Nf6 14. a4 c5
15. a5 Rab8 16. axb6 axb6 17. Qb5 Ne8 18. Ra2 Qd6 19. Qe2 cxd4 20. exd4 b5 21.
b4 Qc6 22. Rc1 Nd6 23. Nb3 Ra8 24. Nc5 Rxa2 25. Qxa2 Ra8 26. Qe2 Ra3 27. Qe5 h6
28. g3 Nc4 29. Qb8+ Kh7 30. Qf4 Kg8 31. Qb8+ Kh7 32. Qf4 Qe8 33. Nd3 f6 34. Qf3
Nd2 35. Qe2 Ne4 36. f3 Ng5 37. h4 Nf7 38. Nf4 Nd8 39. Qd3+ f5 40. Re1 Qf7 41.
h5 Qf6 42. Kg2 Qg5 43. Re3 Ra2+ 44. Re2 Ra3 45. Qxb5 Rxc3 46. Qe8 Rc6 47. Ng6
1-0

[Event "Landsturneringen NM i sjakk 2013"]
[Site "Radisson Blu Lillehammer Hotel"]
[Date "2013.06.29"]
[Round "3"]
[White "Aulin-Jansson, Jøran"]
[Black "Christiansen, Johan-Sebastian"]
[Result "0-1"]
[WhiteElo "2188"]
[BlackElo "2089"]
[PlyCount "106"]
[EventDate "2013.??.??"]

1. d4 d5 2. Nf3 Nf6 3. Bg5 Ne4 4. Bf4 c5 5. e3 Qb6 6. Qc1 Nc6 7. c3 g6 8. Be2
Bg7 9. O-O O-O 10. Nbd2 Bf5 11. Nxe4 Bxe4 12. Nd2 Bf5 13. Bf3 Rac8 14. dxc5
Qxc5 15. Nb3 Qb5 16. Qd1 Bd3 17. Re1 e5 18. Bg3 Bc4 19. Be2 Rfd8 20. f3 a5 21.
Bh4 Re8 22. Bxc4 Qxc4 23. Bf2 e4 24. f4 a4 25. Nd2 Qb5 26. Rb1 Na5 27. a3 Rc6
28. Qe2 Qxe2 29. Rxe2 Rb6 30. Kf1 Ree6 31. Ke1 Nb3 32. Nxb3 Rxb3 33. Rd1 Reb6
34. Rxd5 Rxb2 35. Rd8+ Bf8 36. Bh4 Kg7 37. Rd4 Rxe2+ 38. Kxe2 Rb2+ 39. Kf1 b5
40. Be1 Bxa3 41. c4 Bb4 42. cxb5 Bxe1 43. Rxa4 Bb4 44. b6 f5 45. Ra7+ Kh6 46.
h3 Bc5 47. g4 fxg4 48. hxg4 Bxb6 49. Re7 Bxe3 50. Rxe4 Bc5 51. Rc4 Bb6 52. Re4
Rf2+ 53. Ke1 Rg2 0-1

[Event "Landsturneringen NM i sjakk 2013"]
[Site "Radisson Blu Lillehammer Hotel"]
[Date "2013.06.29"]
[Round "3"]
[White "Thingstad, Even"]
[Black "Laverton, Christian"]
[Result "1-0"]
[WhiteElo "2277"]
[BlackElo "2001"]
[PlyCount "81"]
[EventDate "2013.??.??"]

1. d4 d5 2. c4 c6 3. Nf3 Nf6 4. Nc3 a6 5. c5 Nbd7 6. Bf4 g6 7. e3 Bg7 8. h3 O-O
9. Be2 Ne4 10. O-O Re8 11. Nxe4 dxe4 12. Ng5 e5 13. dxe5 Nxc5 14. Bc4 Be6 15.
Bxe6 fxe6 16. Qc2 Qb6 17. Nxe4 Nxe4 18. Qxe4 Rad8 19. Qc2 Rd5 20. e4 Rb5 21. b3
Bxe5 22. Be3 c5 23. Rad1 Bd4 24. Bxd4 cxd4 25. f4 Rd8 26. Rd3 Rc5 27. Qf2 Rc7
28. Rfd1 Rcd7 29. Qf3 Qc6 30. e5 Rd5 31. R1d2 Qc5 32. Kh2 Kg7 33. Qe4 R8d7 34.
h4 Qe7 35. Kh3 Qd8 36. g3 h5 37. Rg2 Kh6 38. g4 hxg4+ 39. Rxg4 Rg7 40. Rdg3 Qg8
41. h5 1-0

[Event "Landsturneringen NM i sjakk 2013"]
[Site "Radisson Blu Lillehammer Hotel"]
[Date "2013.06.29"]
[Round "3"]
[White "Olsen, Anders"]
[Black "Merkesvik, Sondre"]
[Result "1-0"]
[WhiteElo "1948"]
[BlackElo "1933"]
[PlyCount "61"]
[EventDate "2013.??.??"]

1. e4 Nf6 2. e5 Nd5 3. d4 d6 4. c4 Nb6 5. exd6 exd6 6. Nc3 Nc6 7. h3 Bf5 8. Be3
Be7 9. Nf3 O-O 10. Be2 Bf6 11. O-O d5 12. b3 dxc4 13. bxc4 Na5 14. c5 Nd5 15.
Nxd5 Qxd5 16. Qa4 Nc6 17. Rad1 Rfd8 18. Bc4 Qd7 19. Bb5 Be4 20. Ne5 Bxe5 21.
dxe5 Qf5 22. Bxc6 bxc6 23. Rxd8+ Rxd8 24. Rd1 Re8 25. Rd4 Qxe5 26. Qxa7 f5 27.
Rd7 f4 28. Bd4 Qe6 29. Rxg7+ Kf8 30. Qxc7 f3 31. Rxh7
1-0

[Event "Landsturneringen NM i sjakk 2013"]
[Site "Radisson Blu Lillehammer Hotel"]
[Date "2013.06.29"]
[Round "3"]
[White "Madland, Kristoffer"]
[Black "Machlik, Monika"]
[Result "1/2-1/2"]
[WhiteElo "2105"]
[BlackElo "1933"]
[PlyCount "126"]
[EventDate "2013.??.??"]

1. e4 Nf6 2. e5 Nd5 3. d4 d6 4. Nf3 g6 5. Bc4 dxe5 6. Nxe5 c6 7. Qf3 Be6 8. O-O
Bg7 9. c3 Nd7 10. Nxd7 Qxd7 11. Nd2 Nf6 12. Re1 Bxc4 13. Nxc4 O-O 14. Ne5 Qd5
15. b3 Qxf3 16. Nxf3 e6 17. Ba3 Rfd8 18. Rad1 Nd5 19. c4 Nb6 20. Ne5 Bf8 21.
Bb2 Bg7 22. Bc3 Nd7 23. Ba5 b6 24. Nxc6 bxa5 25. Nxd8 Rxd8 26. d5 e5 27. d6 Rc8
28. Rd5 a4 29. Ra5 axb3 30. axb3 Rc6 31. c5 a6 32. b4 Bh6 33. Rea1 Nb8 34. b5
Rxc5 35. bxa6 Nxa6 36. Rxa6 Rd5 37. Kf1 Bf8 38. R1a5 Rxa5 39. Rxa5 Bxd6 40. Rd5
Bc7 41. Rd7 Ba5 42. Ke2 Bc3 43. Kd3 Bb2 44. f3 Kg7 45. Ke4 Kf6 46. Kd5 Bc3 47.
Rc7 Bb2 48. Rb7 Bc3 49. Kd6 h5 50. Kd7 Kg5 51. Ke7 f5 52. Rc7 Bd2 53. Rc4 h4
54. Ke6 Bf4 55. h3 Bh2 56. Rc5 Bg3 57. Rc4 Bh2 58. Ra4 Bg3 59. Kf7 Bf2 60. Ke6
Bg3 61. Kf7 Bf2 62. Ra2 Bg3 63. Ra4 Bf2 1/2-1/2

[Event "Landsturneringen NM i sjakk 2013"]
[Site "Radisson Blu Lillehammer Hotel"]
[Date "2013.06.29"]
[Round "3"]
[White "Andreassen, Arnold"]
[Black "Andersen, Per O"]
[Result "1/2-1/2"]
[WhiteElo "1979"]
[BlackElo "1945"]
[PlyCount "81"]
[EventDate "2013.??.??"]

1. e4 d5 2. exd5 Nf6 3. d4 Bg4 4. Nf3 Qxd5 5. Be2 Nc6 6. c4 Qh5 7. O-O O-O-O 8.
d5 Ne5 9. Nxe5 Bxe2 10. Qd4 Bxf1 11. Kxf1 Nd7 12. Nf3 e5 13. Qxa7 Bc5 14. Qa8+
Nb8 15. Nc3 Qf5 16. Be3 Bxe3 17. fxe3 e4 18. c5 Kd7 19. Qxb7 exf3 20. d6 fxg2+
21. Kg1 Qxc5 22. dxc7 Qxe3+ 23. Kxg2 Ke6 24. cxd8=Q Rxd8 25. Rf1 f6 26. Kh1 Qe5
27. Qxg7 Rd2 28. Qg8+ Ke7 29. Qxh7+ Ke6 30. Qh4 Rxb2 31. Qc4+ Ke7 32. Nd5+ Kd8
33. Nf4 Nd7 34. Rd1 Rd2 35. Qg8+ Kc7 36. Rc1+ Kd6 37. Qc4 Nc5 38. Qb4 Qe4+ 39.
Qxe4 Nxe4 40. a4 Ra2 41. h4 1/2-1/2

[Event "Landsturneringen NM i sjakk 2013"]
[Site "Radisson Blu Lillehammer Hotel"]
[Date "2013.06.29"]
[Round "3"]
[White "Haanshuus, Aslak"]
[Black "Johnsen, Øystein"]
[Result "0-1"]
[WhiteElo "2031"]
[BlackElo "2031"]
[PlyCount "86"]
[EventDate "2013.??.??"]

1. d4 d5 2. Nf3 e6 3. e3 Nf6 4. Bd3 c5 5. b3 Nc6 6. Bb2 Bd6 7. Ne5 Qc7 8. f4
O-O 9. O-O cxd4 10. exd4 Nb4 11. c4 Nxd3 12. Qxd3 b6 13. Nd2 Ba6 14. Rac1 Rac8
15. Qe3 Qe7 16. Rc2 Rc7 17. Rfc1 Rfc8 18. Nd3 dxc4 19. bxc4 Nd5 20. Qf2 Nb4 21.
Nxb4 Bxb4 22. Qg3 f6 23. Qe3 Bxd2 24. Rxd2 Bxc4 25. Re1 Re8 26. Ba3 Qd7 27. f5
Rcc8 28. fxe6 Rxe6 29. Qf2 Rxe1+ 30. Qxe1 Re8 31. Qf2 Bd5 32. h3 Re4 33. Qg3 b5
34. Bc5 a5 35. a3 h6 36. Rc2 Bc4 37. Rd2 Bd5 38. Rc2 Qf5 39. Rf2 Re1+ 40. Kh2
Qb1 41. Qg4 Rh1+ 42. Kg3 Qd3+ 43. Kh4 g5+ 0-1

[Event "Landsturneringen NM i sjakk 2013"]
[Site "Radisson Blu Lillehammer Hotel"]
[Date "2013.06.29"]
[Round "3"]
[White "Martinsen, Stig K"]
[Black "Gulbrandsen, Tor"]
[Result "0-1"]
[WhiteElo "2145"]
[BlackElo "1958"]
[PlyCount "68"]
[EventDate "2013.??.??"]

1. d4 Nf6 2. c4 e5 3. dxe5 Ne4 4. Nd2 Bb4 5. Ngf3 Nc6 6. a3 Bxd2+ 7. Bxd2 Nxd2
8. Qxd2 Qe7 9. Qc3 O-O 10. O-O-O Re8 11. Rd5 b6 12. g3 Bb7 13. Bh3 Rad8 14. Re1
d6 15. exd6 cxd6 16. Rd3 Na5 17. Re3 Qc7 18. Rxe8+ Rxe8 19. Nd2 Qc5 20. b4 Qxf2
21. Rf1 Qxh2 22. Bd7 Re7 23. bxa5 Rxd7 24. Qe3 Kf8 25. axb6 axb6 26. Rf4 Qh1+
27. Kb2 Qc6 28. Re4 Rc7 29. Qd3 b5 30. Rh4 bxc4 31. Nxc4 d5 32. Qxh7 Qb5+ 33.
Ka1 Rxc4 34. Qh8+ Ke7 0-1

[Event "Landsturneringen NM i sjakk 2013"]
[Site "Radisson Blu Lillehammer Hotel"]
[Date "2013.06.29"]
[Round "3"]
[White "Johnsen, Kjell Magne"]
[Black "Grønnestad, Anita"]
[Result "1-0"]
[WhiteElo "2005"]
[BlackElo "1895"]
[PlyCount "85"]
[EventDate "2013.??.??"]

1. d4 d5 2. c4 e6 3. Nc3 Nf6 4. cxd5 exd5 5. Bg5 Be7 6. e3 c6 7. Bd3 Nbd7 8.
Qc2 O-O 9. Nf3 Re8 10. O-O Nf8 11. h3 Ne4 12. Bf4 f5 13. Ne5 Ne6 14. Bh2 Bg5
15. Ne2 Qf6 16. Nf3 Qh6 17. Be5 Bd7 18. Nf4 Be7 19. Nxe6 Bxe6 20. Qb3 b5 21.
Rac1 Bd7 22. Bh2 Rad8 23. Rc2 a5 24. a4 bxa4 25. Qxa4 c5 26. Qxa5 Ra8 27. Qc7
Ba4 28. Rcc1 Bd8 29. Qf4 Qf6 30. Bxe4 Rxe4 31. Qd6 Qxd6 32. Bxd6 Bb5 33. Ra1
Rc8 34. Rfc1 c4 35. Be5 Bb6 36. Ra2 Kf7 37. Ng5+ Kg6 38. Nxe4 fxe4 39. f3 exf3
40. gxf3 Kf5 41. Kf2 g6 42. Ra3 Rf8 43. Rca1 1-0

[Event "Landsturneringen NM i sjakk 2013"]
[Site "Radisson Blu Lillehammer Hotel"]
[Date "2013.06.29"]
[Round "3"]
[White "Bryn, Askild"]
[Black "Woldseth, Ole"]
[Result "0-1"]
[WhiteElo "2052"]
[BlackElo "1986"]
[PlyCount "64"]
[EventDate "2013.??.??"]

1. e4 c6 2. d4 d5 3. e5 Bf5 4. g4 Be4 5. f3 Bg6 6. h4 h5 7. e6 Qd6 8. exf7+
Bxf7 9. Ne2 Nd7 10. g5 e5 11. f4 exd4 12. Qxd4 Ne7 13. Ng3 O-O-O 14. Qxa7 Re8
15. Be2 Bg6 16. O-O Nf5 17. Nxf5 Bxf5 18. Bf3 Qe6 19. b4 Bh3 20. Rd1 Bg4 21.
Qf2 Bxb4 22. Qg2 Bxf3 23. Qxf3 Qg4+ 24. Qxg4 hxg4 25. Kg2 Nc5 26. Bd2 Bxd2 27.
Nxd2 Re2+ 28. Kf1 Rh2 29. Kg1 R8xh4 30. Nf1 Rxc2 31. Rac1 Rxc1 32. Rxc1 Nd3
0-1